| 000 | 00739nam a22002417a 4500 | ||
|---|---|---|---|
| 999 |
_c10393 _d10393 |
||
| 001 | 10393 | ||
| 003 | BD-JhCC | ||
| 005 | 20211118134021.0 | ||
| 008 | 180425b2017 bg ||||| |||| 00| 0 eng d | ||
| 020 | _a9840605607 | ||
| 035 | _a(BD-JhCC)10393 | ||
| 040 |
_aBD-JhCC _dBD-JhCC |
||
| 041 | _abg | ||
| 082 |
_a297 _bAFJ 2017 |
||
| 245 |
_aদৈনন্দিন জীবনে ইসলাম / _cইসলামিক ফাউন্ডেশন, |
||
| 260 |
_aঢাকা : _bইসলামিক ফাউন্ডেশন, _c2017. |
||
| 300 |
_a748 p. : _c25 cm. |
||
| 650 | _aIslam | ||
| 650 | _aIslam in Daily Life | ||
| 710 | _aইসলামিক ফাউন্ডেশন, | ||
| 942 |
_2ddc _cBK _08 |
||